[Event "GRE-ch U20"]
[Site "Trikala"]
[Date "2021.08.23"]
[Round "1"]
[White "Stefanou, Konstantinos"]
[Black "Chatziioannidis, Panagiotis"]
[Result "1-0"]
[WhiteElo "1936"]
[BlackElo "1162"]
[PlyCount "69"]
[EventDate "2021.08.23"]
[EventType "swiss"]
[EventRounds "9"]
[EventCountry "GRE"]
[SourceTitle "EXT 2022"]
[Source "ChessBase"]
[SourceDate "2021.10.06"]
[SourceVersion "1"]
[SourceVersionDate "2021.10.06"]
[SourceQuality "1"]

1. d4 d6 2. c4 Nf6 3. Nc3 g6 4. e4 Bg7 5. h3 Nbd7 6. Be3 0-0 7. g4 c5 8. Nge2 a6 9. Bg2 Qc7 10. b3 Rb8 11. 0-0 cxd4 12. Nxd4 Nc5 13. Rc1 Qa5 14. Rc2 Bd7 15. Qb1 Qc7 16. Rd1 Rbc8 17. Qc1 Ne6 18. Nd5 Qd8 19. Nxe6 Bxe6 20. Nb6 Rc7 21. e5 Nd7 22. exd6 exd6 23. Rcd2 Qe7 24. Rxd6 Be5 25. Rxd7 Bxd7 26. Nd5 Qd8 27. Bb6 Qb8 28. Bxc7 Bxc7 29. Nf6+ Kg7 30. Nxd7 Qe8 31. Qc3+ f6 32. Nxf8 Qxf8 33. Rd7+ Kg8 34. Bd5+ Kh8 35. Rf7 1-0

[Event "EU-ch Amateur Online 1400/1700"]
[Site "Tornelo INT"]
[Date "2021.04.17"]
[Round "8"]
[White "Chatziioannidis, Panagiotis"]
[Black "Oikonomopoulos, Filippos"]
[Result "0-1"]
[WhiteElo "1162"]
[BlackElo "1574"]
[PlyCount "74"]
[EventDate "2021.04.17"]
[EventType "swiss (rapid)"]
[EventRounds "8"]
[EventCountry "NET"]
[SourceTitle "EXT 2023"]
[Source "ChessBase"]
[SourceDate "2022.10.05"]
[SourceVersion "1"]
[SourceVersionDate "2022.10.05"]
[SourceQuality "1"]

1. Nf3 d5 2. g3 e6 3. Bg2 c5 4. 0-0 Nc6 5. d3 Bd6 6. Nbd2 Nge7 7. e4 b6 8. a3 Bb7 9. Qe2 Nd4 10. Nxd4 cxd4 11. e5 Bc7 12. f4 Nf5 13. Nb3 h5 14. Bh3 g6 15. Bxf5 gxf5 16. Nxd4 h4 17. Nf3 hxg3 18. hxg3 Qe7 19. b4 b5 20. Be3 0-0-0 21. Bc5 Qd7 22. Rac1 Rdg8 23. Kg2 d4 24. c4 Rg4 25. Bd6 Rhg8 26. Qf2 Bxd6 27. exd6 Qxd6 28. cxb5+ Kb8 29. Rh1 Qxf4 30. Rh3 Qxc1 31. Kh2 Qe3 32. Qxe3 dxe3 33. Ne1 e2 34. Kg1 f4 35. Kf2 fxg3+ 36. Kg1 Rf4 37. Rh5 Rf1# 0-1

[Event "GRE-ch South U10"]
[Site "Athens"]
[Date "2020.09.01"]
[Round "7"]
[White "Chatziioannidis, Panagiotis"]
[Black "Palaiologou, Apostolos"]
[Result "0-1"]
[WhiteElo "1124"]
[BlackElo "1340"]
[PlyCount "76"]
[EventDate "2020.08.28"]
[EventType "swiss"]
[EventRounds "9"]
[EventCountry "GRE"]
[SourceTitle "EXT 2023"]
[Source "ChessBase"]
[SourceDate "2022.10.05"]
[SourceVersion "1"]
[SourceVersionDate "2022.10.05"]
[SourceQuality "1"]

1. e4 c5 2. Nc3 e6 3. g3 d5 4. exd5 exd5 5. Bg2 Nf6 6. d3 Be6 7. Nf3 Nc6 8. 0-0 h6 9. Bd2 Be7 10. Re1 0-0 11. Ne2 Bf5 12. Nc3 Qd7 13. a3 a6 14. Bf4 Bd6 15. Ne5 Bxe5 16. Bxe5 Nxe5 17. Rxe5 Be6 18. Re1 Rfe8 19. Qd2 Rad8 20. Rad1 b5 21. Ne2 Bg4 22. f3 Bf5 23. Nf4 g5 24. Ne2 d4 25. h4 Nd5 26. g4 Bxg4 27. hxg5 Bh3 28. Rc1 Kh7 29. Nf4 Bxg2 30. Nxd5 Qxd5 31. Kxg2 Rg8 32. Kf2 Rxg5 33. Rh1 Rdg8 34. Rh2 Qd6 35. Rch1 Qg3+ 36. Ke2 Re8+ 37. Kf1 Qxf3+ 38. Rf2 Qxh1# 0-1

[Event "GRE-ch South U10"]
[Site "Athens"]
[Date "2020.08.30"]
[Round "4"]
[White "Velonakis, Angelos Petros"]
[Black "Chatziioannidis, Panagiotis"]
[Result "0-1"]
[WhiteElo "1298"]
[BlackElo "1124"]
[PlyCount "86"]
[EventDate "2020.08.28"]
[EventType "swiss"]
[EventRounds "9"]
[EventCountry "GRE"]
[SourceTitle "EXT 2023"]
[Source "ChessBase"]
[SourceDate "2022.10.05"]
[SourceVersion "1"]
[SourceVersionDate "2022.10.05"]
[SourceQuality "1"]

1. e4 d6 2. d4 Nf6 3. Nc3 g6 4. Nf3 Bg7 5. Be3 0-0 6. Bc4 Nc6 7. h3 Nd7 8. Qd2 e5 9. dxe5 Ndxe5 10. Be2 Be6 11. Bh6 a6 12. 0-0-0 Nxf3 13. Bxf3 Ne5 14. Bxg7 Kxg7 15. Qe3 Qf6 16. Be2 Qe7 17. f4 Nc6 18. g4 f6 19. f5 Bf7 20. h4 Rfe8 21. h5 g5 22. Bf3 Ne5 23. Rhe1 b5 24. Nd5 Bxd5 25. exd5 Qd7 26. Qf2 a5 27. Qg3 b4 28. Rd4 Rab8 29. Ree4 Qb5 30. Be2 Qd7 31. Qh3 h6 32. b3 Rb6 33. Kb2 Reb8 34. c3 Qc8 35. c4 Qb7 36. Re3 Qa7 37. Bd1 Ra8 38. Bc2 Qa6 39. Qf1 Qa7 40. Qe1 Rb7 41. Qd1 Re8 42. Rde4 Qc5 43. Qd4 Qxd4+ 0-1

[Event "GRE-ch South U10"]
[Site "Athens"]
[Date "2020.08.29"]
[Round "2"]
[White "Dimitriou Zotos, Konstantinos"]
[Black "Chatziioannidis, Panagiotis"]
[Result "1/2-1/2"]
[WhiteElo "1003"]
[BlackElo "1124"]
[PlyCount "120"]
[EventDate "2020.08.28"]
[EventType "swiss"]
[EventRounds "9"]
[EventCountry "GRE"]
[SourceTitle "EXT 2023"]
[Source "ChessBase"]
[SourceDate "2022.10.05"]
[SourceVersion "1"]
[SourceVersionDate "2022.10.05"]
[SourceQuality "1"]

1. e4 c5 2. Nf3 d6 3. d4 cxd4 4. Nxd4 Nf6 5. Nc3 e5 6. Nf3 Be7 7. Bc4 0-0 8. 0-0 Nc6 9. Bg5 Bg4 10. h3 Bh5 11. Bxf6 Bxf6 12. Be2 Bg6 13. Nd2 Be7 14. Nd5 Bg5 15. f3 Nb4 16. Nxb4 Qb6+ 17. Kh1 Qxb4 18. Nb3 Qb6 19. a4 f5 20. Bc4+ Kh8 21. a5 Qc7 22. Bd3 fxe4 23. fxe4 Qe7 24. Rxf8+ Rxf8 25. Qe2 Bh4 26. Rf1 Rxf1+ 27. Qxf1 Qf7 28. Qxf7 Bxf7 29. Kg1 Bxb3 30. cxb3 Be1 31. a6 bxa6 32. Bxa6 Bd2 33. Kf2 Bc1 34. Ke2 Bxb2 35. Kd2 g6 36. Kd3 Ba3 37. Kc4 Kg7 38. b4 Kf6 39. Kb3 Bc1 40. Kc4 Bd2 41. b5 Be3 42. Bb7 Kg5 43. Bd5 Kh4 44. Bg8 h6 45. Bh7 g5 46. Kd5 Bc5 47. Ke6 Kg3 48. Bf5 h5 49. Kf6 g4 50. hxg4 hxg4 51. Kg5 Kxg2 52. Bxg4 Kf2 53. Bc8 Ke3 54. Kf5 Kd4 55. Ba6 d5 56. Bb7 dxe4 57. Bxe4 a5 58. bxa6 Ba7 59. Bb7 Bb6 60. Be4 Ba7 1/2-1/2

[Event "GRE-ch U08"]
[Site "Rio Achaia"]
[Date "2018.07.08"]
[Round "8"]
[White "Chatziioannidis, Panagiotis"]
[Black "Gorantonakis, Georgios"]
[Result "1-0"]
[WhiteElo "1007"]
[BlackElo "1340"]
[PlyCount "93"]
[EventDate "2018.07.03"]
[EventType "swiss"]
[EventRounds "9"]
[EventCountry "GRE"]
[SourceTitle "EXT 2019"]
[Source "ChessBase"]
[SourceDate "2018.10.10"]
[SourceVersion "1"]
[SourceVersionDate "2018.10.10"]
[SourceQuality "1"]

1. d4 d5 2. c4 e6 3. Nc3 Nf6 4. Bg5 Be7 5. Nf3 0-0 6. e3 h6 7. Bh4 Nbd7 8. a3 b6 9. b4 Bb7 10. Qb3 Rc8 11. c5 Re8 12. Bb5 c6 13. Bd3 b5 14. 0-0 a5 15. a4 bxa4 16. Rxa4 Ba8 17. Rxa5 Rb8 18. Rfa1 Bb7 19. Qa4 Nh5 20. Bxe7 Qxe7 21. b5 cxb5 22. Bxb5 Red8 23. c6 Nb6 24. Qa3 Qxa3 25. R1xa3 Ba8 26. c7 Rf8 27. cxb8Q Rxb8 28. Ne5 f6 29. Nd7 Nxd7 30. Rxa8 Rxa8 31. Rxa8+ Nf8 32. Bd7 e5 33. Nxd5 Kf7 34. Be8+ Ke6 35. Nc7+ Kf5 36. Bxh5 g6 37. Bf3 e4 38. Rxf8 exf3 39. gxf3 g5 40. e4+ Kg6 41. d5 h5 42. d6 g4 43. fxg4 hxg4 44. d7 f5 45. d8Q fxe4 46. Qf6+ Kh5 47. Rh8# 1-0